00229nam a22000857a 4500100002500000245006000025260002600085300000700111650002500118 aSenavirathna,U.D.Ama aMedicinal properties of betel leave and country borage aColombobIchemcc2015 a30 amedicinal properties